| 000 | 00580nam a2200109Ia 4500 | ||
|---|---|---|---|
| 008 | 171212s9999 xx 000 0 und d | ||
| 100 | _aBurnam, M. Audrey;Berry, Sandra H.;Eberhart, Nicole K.;Collins, Rebecca L.;Ebener, Patricia A. | ||
| 245 |
_cBurnam, M. Audrey;Berry, Sandra H.;Eberhart, Nicole K.;Collins, Rebecca L.;Ebener, Patricia A. _aRecommendations for Sustaining California's Statewide Mental Health Prevention and Early Intervention Programs |
||
| 260 |
_bRAND Corporation _c2014 |
||
| 650 | _aHealth Sciences | ||
| 856 | _uhttp://www.jstor.org/stable/10.7249/j.ctt14bs23r | ||
| 999 |
_c352473 _d352473 |
||